000 00548nam a2200133Ia 4500
008 171207s9999 xx 000 0 und d
100 _aGueguen, Nicolas
245 4 _aThe Effect of the Evoking Freedom Technique on Compliance with a Server’s Suggestion: An Evaluation in a Restaurant
245 _cNicolas Guéguen, Céline Jacob, Alexandre Pascual
260 _c2017
300 _apages 635-39, June 2017
440 _aJournal of Hospitality & Tourism Research
_v41:5
650 _aFREEDOM, EMPLOYEE'S SUGGESTION, CUSTOMER BEHAVIOR, COMPLIANCE
999 _c347568
_d347568